|
|
|
|
| LEADER |
01444nam a2200397 4500 |
| 001 |
DLU110127471 |
| 005 |
##20111103 |
| 008 |
##980526s1999 maua b 001 0 eng |
| 010 |
# |
# |
|a 98026640
|
| 020 |
# |
# |
|a 0073039357 (student's ed. : alk. paper)
|
| 020 |
# |
# |
|a 0073039365 (instructor's ed. : alk. paper)
|
| 035 |
# |
# |
|9 (DLC) 98026640
|
| 040 |
# |
# |
|a DLC
|c DLC
|d DLC
|
| 082 |
# |
# |
|a 519.5
|b MA-R
|
| 100 |
# |
# |
|a Mason, Robert Deward,
|d 1919-
|
| 245 |
# |
# |
|a Statistical techniques in business and economics /
|c Robert D. Mason, Douglas A. Lind.
|
| 250 |
# |
# |
|a 10th ed.
|
| 260 |
# |
# |
|a Boston, Mass. :
|b Irwin/McGraw Hill,
|c c1999.
|
| 300 |
# |
# |
|a xx, 791 p. :
|b col. ill. ;
|c 21x30 cm.
|
| 504 |
# |
# |
|a Includes bibliographical references and index.
|
| 538 |
# |
# |
|a System requirements for accompanying computer disc: IBM-compatible PC; Windows 95, 8mb of Ram-16mb recommended, double speed cd-rom, Microsoft Excel 5.0 for Windows or higher, and either Microsoft Internet Explorer 3.0 or higher or Netscape Navigator 3.0 or higher.
|
| 650 |
# |
# |
|a Commercial statistics.
|
| 650 |
# |
# |
|a Economics
|x Statistical methods.
|
| 650 |
# |
# |
|a Social sciences
|x Statistical methods.
|
| 700 |
# |
# |
|a Lind, Douglas A.
|
| 923 |
# |
# |
|a 01/2011CT
|
| 991 |
# |
# |
|a GT
|
| 992 |
# |
# |
|a 0
|
| 994 |
# |
# |
|a KCT
|
| 900 |
# |
# |
|a True
|
| 911 |
# |
# |
|a Đào Thị Thu Huyền
|
| 925 |
# |
# |
|a G
|
| 926 |
# |
# |
|a A
|
| 927 |
# |
# |
|a SH
|
| 980 |
# |
# |
|a Thư viện Trường Đại học Đà Lạt
|